Biochemistry of plants: A comprehensive treatise. V 7. Secondary plant products (Record no. 37010)

MARC details
000 -LEADER
fixed length control field 01006nam a2200361Ia 4500
082 ## - DEWEY DECIMAL CLASSIFICATION NUMBER
Classification number 581.192
Item number BIO.7;1
245 #0 - TITLE STATEMENT
Title Biochemistry of plants: A comprehensive treatise. V 7. Secondary plant products
260 ## - PUBLICATION, DISTRIBUTION, ETC. (IMPRINT)
Place of publication New York
Name of publisher Academic
Year of publication 1981
490 ## - SERIES STATEMENT
Series statement Biochemistry of plants. V 8,Ed by P.K.Stumpf & E.E.Conn
650 ## - SUBJECT ADDED ENTRY--TOPICAL TERM
Topical Term Amine
650 ## - SUBJECT ADDED ENTRY--TOPICAL TERM
Topical Term Betalain
650 ## - SUBJECT ADDED ENTRY--TOPICAL TERM
Topical Term Biochemistry
650 ## - SUBJECT ADDED ENTRY--TOPICAL TERM
Topical Term Biosynthesis
650 ## - SUBJECT ADDED ENTRY--TOPICAL TERM
Topical Term Coumarins
650 ## - SUBJECT ADDED ENTRY--TOPICAL TERM
Topical Term Cyanogenic glycoside
650 ## - SUBJECT ADDED ENTRY--TOPICAL TERM
Topical Term Enzymology
650 ## - SUBJECT ADDED ENTRY--TOPICAL TERM
Topical Term Flavonoid
650 ## - SUBJECT ADDED ENTRY--TOPICAL TERM
Topical Term Glucosinolate
650 ## - SUBJECT ADDED ENTRY--TOPICAL TERM
Topical Term Glycosidase
650 ## - SUBJECT ADDED ENTRY--TOPICAL TERM
Topical Term Glycosylation
650 ## - SUBJECT ADDED ENTRY--TOPICAL TERM
Topical Term Lignin
650 ## - SUBJECT ADDED ENTRY--TOPICAL TERM
Topical Term Non protein amino acid
650 ## - SUBJECT ADDED ENTRY--TOPICAL TERM
Topical Term Oxygenase
650 ## - SUBJECT ADDED ENTRY--TOPICAL TERM
Topical Term Phenylalanine Ammonia-Lyase
650 ## - SUBJECT ADDED ENTRY--TOPICAL TERM
Topical Term Plant systematics
650 ## - SUBJECT ADDED ENTRY--TOPICAL TERM
Topical Term Secondary metabolite
650 ## - SUBJECT ADDED ENTRY--TOPICAL TERM
Topical Term Secondary product
650 ## - SUBJECT ADDED ENTRY--TOPICAL TERM
Topical Term Tissue culture
650 ## - SUBJECT ADDED ENTRY--TOPICAL TERM
Topical Term Vegetable tanning
700 ## - ADDED ENTRY--PERSONAL NAME
Personal name CONN, E E
942 ## - ADDED ENTRY ELEMENTS (KOHA)
Koha item type Books
Holdings
Withdrawn status Lost status Damaged status Not for loan Home library Current library Date acquired Full call number Accession Number Koha item type
        RRII Library RRII Library 16/12/2021 581.192 BIO.7;1 17402 Books